[Event "FICS rated blitz game"]
[Site "FICS freechess.org"]
[Date "2018.01.15"]
[Round "?"]
[White "capricornus"]
[Black "Groll"]
[Result "1-0"]
[WhiteElo "1305"]
[BlackElo "1485"]
[PlyCount "75"]
[EventDate "2018.??.??"]
[EventType "blitz"]

1. e4 e5 2. Nf3 Nc6 3. c3 d5 4. exd5 Qxd5 5. d3 Nf6 6. Be3 Ng4 7. Be2 Nxe3 8.
fxe3 Be7 9. O-O O-O 10. e4 Qc5+ 11. Kh1 f5 12. Nbd2 f4 13. Nb3 Qd6 14. Qc2 Bg4
15. Rfd1 Rad8 16. d4 exd4 17. Nfxd4 Bxe2 18. Nxe2 Qe5 19. Ned4 Nxd4 20. Nxd4 c5
21. Nf3 Qh5 22. Rxd8 Rxd8 23. Rd1 Qe8 24. Rxd8 Qxd8 25. Ne5 c4 26. Nxc4 h6 27.
Ne5 Kh7 28. Nf3 Qd7 29. e5+ Kh8 30. Nd4 Bc5 31. e6 Qe7 32. Qe4 Bxd4 33. cxd4
Qc7 34. h3 Qe7 35. d5 g5 36. Qg6 Qb4 37. Qxh6+ Kg8 38. Qxg5+ 1-0

[Event "FICS rated blitz game"]
[Site "FICS freechess.org"]
[Date "2018.01.15"]
[Round "?"]
[White "BiH"]
[Black "Caarreeyy"]
[Result "1-0"]
[WhiteElo "1583"]
[BlackElo "1642"]
[PlyCount "59"]
[EventDate "2018.??.??"]
[EventType "blitz"]

1. e4 e5 2. Nf3 Nc6 3. c3 Bc5 4. d4 exd4 5. cxd4 Bb6 6. Nc3 d6 7. Be3 Bg4 8.
Be2 Nf6 9. h3 Bxf3 10. Bxf3 O-O 11. O-O Re8 12. a3 Qd7 13. b4 a6 14. Rb1 h6 15.
Qd2 Kh7 16. a4 Ba7 17. b5 axb5 18. axb5 Na5 19. Qd3 Kh8 20. Ne2 c6 21. b6 Bb8
22. Ng3 d5 23. e5 Nh7 24. Nf5 Nc4 25. Bc1 Ng5 26. Bxg5 hxg5 27. Bg4 Ra3 28. Qc2
c5 29. Nxg7 Kxg7 30. Bxd7 {Black resigns} 1-0

[Event "FICS rated standard game"]
[Site "FICS freechess.org"]
[Date "2018.01.15"]
[Round "?"]
[White "Nidifugous"]
[Black "alwayslearning"]
[Result "1/2-1/2"]
[WhiteElo "1552"]
[BlackElo "1463"]
[PlyCount "103"]
[EventDate "2018.??.??"]

1. e4 e5 2. Nf3 Nc6 3. c3 Nf6 4. Bd3 Be7 5. h3 O-O 6. b3 d6 7. Ba3 Re8 8. g4 h6
9. c4 d5 10. Bxe7 Nxe7 11. cxd5 Ng6 12. Bb5 c6 13. dxc6 a6 14. Ba4 b5 15. Qc2
bxa4 16. bxa4 Nf4 17. c7 Qd3 18. Qxd3 Nxd3+ 19. Ke2 Nf4+ 20. Kf1 Ra7 21. Nc3
Rxc7 22. Nd5 N4xd5 23. exd5 Nxd5 24. Kg2 e4 25. Nd4 Rc4 26. Ne2 Rxa4 27. Nc3
Nxc3 28. dxc3 Rc4 29. Rac1 e3 30. f3 e2 31. Rhe1 a5 32. Rc2 Ba6 33. Rexe2 Rxe2+
34. Rxe2 Rxc3 35. Re8+ Kh7 36. Ra8 Rc6 37. a4 f6 38. Kg3 g5 39. Ra7+ Kg6 40. h4
gxh4+ 41. Kxh4 f5 42. Ra8 fxg4 43. fxg4 Bb7 44. Rxa5 Rc4 45. Ra7 Bc6 46. a5 h5
47. Rc7 Rxg4+ 48. Kh3 Bf3 49. a6 h4 50. Rb7 Bxb7 51. Kxg4 Bxa6 52. Kxh4 1/2-1/2

[Event "FICS rated standard game"]
[Site "FICS freechess.org"]
[Date "2018.01.15"]
[Round "?"]
[White "piaanist"]
[Black "smoozer"]
[Result "0-1"]
[WhiteElo "1517"]
[BlackElo "1656"]
[PlyCount "92"]
[EventDate "2018.??.??"]

1. e4 e5 2. Nf3 Nc6 3. c3 d6 4. b3 Nf6 5. Bd3 Be7 6. Bb2 O-O 7. Bc2 Bg4 8. d3
Bxf3 9. Qxf3 Nd7 10. Nd2 Bg5 11. Qe2 Bxd2+ 12. Qxd2 f5 13. f3 f4 14. Rg1 Qh4+
15. g3 fxg3 16. Rxg3 Rf4 17. Qf2 Kh8 18. Bc1 Rf7 19. Bg5 Qh5 20. O-O-O Raf8 21.
Rf1 Nc5 22. Kd2 Ne6 23. Bd1 Qg6 24. Qg2 h6 25. h4 Qh7 26. Rh1 Nf4 27. Bxf4 Rxf4
28. Rg1 R8f7 29. Rg4 Rxg4 30. Qxg4 Rf4 31. Qc8+ Qg8 32. Qxc7 Rxh4 33. Qxb7 Nd8
34. Qxa7 Ne6 35. Qe7 Rh2+ 36. Be2 Nf4 37. Re1 Qa8 38. a4 Qa6 39. c4 Qa5+ 40.
Kd1 Qc3 41. Qxd6 Qxb3+ 42. Kd2 Qb2+ 43. Kd1 Rxe2 44. Rxe2 Qxe2+ 45. Kc1 Nxd3+
46. Kb1 Qb2# {White checkmated} 0-1

[Event "FICS rated blitz game"]
[Site "FICS freechess.org"]
[Date "2018.01.15"]
[Round "?"]
[White "alvarzr"]
[Black "lorecai"]
[Result "0-1"]
[WhiteElo "1194"]
[BlackElo "1230"]
[PlyCount "42"]
[EventDate "2018.??.??"]
[EventType "blitz"]

1. e4 e5 2. Nf3 Nc6 3. c3 Bc5 4. Bc4 Nf6 5. d3 O-O 6. b4 Bb6 7. b5 Na5 8. Nxe5
Nxc4 9. Nxc4 Bxf2+ 10. Kxf2 d5 11. Ncd2 Ne8 12. e5 d4 13. c4 Qh4+ 14. g3 Qg5
15. Nf3 Qf5 16. Nbd2 f6 17. exf6 Nxf6 18. Rf1 Ng4+ 19. Kg1 Ne3 20. Qa4 Qh3 21.
Ne1 Rxf1+ 0-1

[Event "FICS rated blitz game"]
[Site "FICS freechess.org"]
[Date "2018.01.15"]
[Round "?"]
[White "zbobi"]
[Black "wahoonc"]
[Result "1-0"]
[WhiteElo "1516"]
[BlackElo "1431"]
[PlyCount "103"]
[EventDate "2018.??.??"]
[EventType "blitz"]

1. e4 e5 2. Nf3 Nc6 3. c3 Bc5 4. Bc4 Nf6 5. Qb3 O-O 6. Bd5 d6 7. Bxc6 bxc6 8.
O-O a5 9. d3 Ba6 10. Qd1 Nxe4 11. dxe4 Bxf1 12. Qxf1 f5 13. exf5 Rxf5 14. Be3
Bb6 15. Bxb6 cxb6 16. Qd3 Rf6 17. Nbd2 Qe7 18. Ne4 Re6 19. Rd1 Rd8 20. Nfg5 Rh6
21. Qg3 d5 22. Nd2 Rg6 23. h4 h6 24. Qd3 Qf6 25. Nh3 e4 26. Nxe4 Qxh4 27. Ng3
Rgd6 28. Nf5 Qf6 29. Nxd6 Rxd6 30. Qf3 Qe7 31. Nf4 Rf6 32. Qg3 Qf7 33. Nh3 Kh7
34. Qd3+ g6 35. Re1 Kg7 36. Qe3 g5 37. Qe7 Kg6 38. Qxf7+ Rxf7 39. f3 Rf6 40.
Nf2 c5 41. Ng4 Rd6 42. Ne5+ Kf6 43. Ng4+ Kf5 44. Re5+ Kg6 45. Re8 h5 46. Nf2 h4
47. Rg8+ Kf5 48. Rf8+ Kg6 49. Re8 Kf7 50. Re2 Kf6 51. Nh3 d4 52. cxd4 1-0

[Event "FICS rated blitz game"]
[Site "FICS freechess.org"]
[Date "2018.01.15"]
[Round "?"]
[White "arju"]
[Black "Dzebic"]
[Result "0-1"]
[WhiteElo "1675"]
[BlackElo "1738"]
[PlyCount "48"]
[EventDate "2018.??.??"]
[EventType "blitz"]

1. e4 e5 2. Nf3 Nc6 3. c3 Nf6 4. d3 d5 5. exd5 Nxd5 6. Be2 Be7 7. O-O O-O 8. a3
f5 9. Nbd2 Bf6 10. b4 Re8 11. Qc2 e4 12. dxe4 fxe4 13. Nxe4 Bf5 14. Nxf6+ Qxf6
15. Qb3 Rad8 16. Bc4 Be4 17. Bg5 Qg6 18. Bxd5+ Rxd5 19. c4 Rd3 20. Qxd3 Bxd3
21. Bf4 Bxf1 22. Rxf1 Qf7 23. b5 Qxf4 24. bxc6 bxc6 {White resigns} 0-1

[Event "FICS rated standard game"]
[Site "FICS freechess.org"]
[Date "2018.01.15"]
[Round "?"]
[White "louarn"]
[Black "MaciejPapke"]
[Result "1-0"]
[WhiteElo "1523"]
[BlackElo "1456"]
[PlyCount "35"]
[EventDate "2018.??.??"]

1. e4 e5 2. Nf3 Nc6 3. c3 Nf6 4. d3 d5 5. exd5 Nxd5 6. c4 Nf6 7. Be2 Nd4 8. O-O
Bg4 9. Nxd4 Qxd4 10. Bxg4 Nxg4 11. Nc3 O-O-O 12. Nb5 Qc5 13. Qxg4+ Kb8 14. Be3
Qc6 15. Bxa7+ Ka8 16. Qf3 Qa6 17. Qe3 b6 18. Nxc7+ {Black resigns} 1-0

[Event "FICS rated blitz game"]
[Site "FICS freechess.org"]
[Date "2018.01.15"]
[Round "?"]
[White "fabiuscu"]
[Black "rantelg"]
[Result "0-1"]
[WhiteElo "1128"]
[BlackElo "1490"]
[PlyCount "102"]
[EventDate "2018.??.??"]
[EventType "blitz"]

1. e4 e5 2. Nf3 Nc6 3. c3 d6 4. d4 f5 5. d5 Nce7 6. Bd3 Nf6 7. Nbd2 fxe4 8.
Nxe4 Nxe4 9. Bxe4 Bf5 10. Qd3 Bxe4 11. Qxe4 Qd7 12. h3 Qf5 13. Qxf5 Nxf5 14. g4
Ne7 15. Bg5 Nxd5 16. Rd1 Nf4 17. Bxf4 exf4 18. O-O Kd7 19. Rfe1 Be7 20. h4 Raf8
21. g5 g6 22. b4 Re8 23. a4 Kc8 24. b5 Bd8 25. c4 b6 26. Rxe8 Rxe8 27. Nd4 Kd7
28. Nc6 Re4 29. Rd4 Rxd4 30. Nxd4 c5 31. Nc6 Bc7 32. Nxa7 d5 33. cxd5 c4 34.
Nc6 c3 35. Nd4 Be5 36. Nc2 Kd6 37. f3 Kxd5 38. Kf2 Kc4 39. Ke2 Kb3 40. Kd3 Kxa4
41. Na1 Kxb5 42. Nb3 Kb4 43. Nc1 b5 44. Ne2 Kc5 45. Ng3 b4 46. Ne4+ Kd5 47.
Nf6+ Bxf6 48. gxf6 Ke6 49. f7 Kxf7 50. Kc4 c2 51. Kxb4 c1=Q {White resigns} 0-1

[Event "FICS rated blitz game"]
[Site "FICS freechess.org"]
[Date "2018.01.15"]
[Round "?"]
[White "awitaliy"]
[Black "DGTMan"]
[Result "0-1"]
[WhiteElo "1403"]
[BlackElo "1271"]
[PlyCount "84"]
[EventDate "2018.??.??"]
[EventType "blitz"]

1. e4 e5 2. Nf3 Nc6 3. c3 Nf6 4. Bd3 d6 5. h3 Be6 6. Bc2 Be7 7. O-O O-O 8. a3
d5 9. d4 dxe4 10. Nxe5 Nxe5 11. dxe5 Qxd1 12. Rxd1 Nd5 13. Bxe4 Rad8 14. f4 Nb6
15. Nd2 c6 16. f5 Bc4 17. b3 Bd5 18. Bxd5 Nxd5 19. Bb2 Ne3 20. f6 gxf6 21. Re1
Nc2 22. exf6 Bxf6 23. Ne4 Kg7 24. Nxf6 Kxf6 25. c4+ Kg6 26. Rf1 Nxa1 27. Bxa1
Rd2 28. Bc3 Rc2 29. Bb4 Re8 30. Rf3 Ree2 31. Rg3+ Kf5 32. Bd6 Rb2 33. b4 Ra2
34. c5 h5 35. h4 Re1+ 36. Kh2 Rea1 37. Rf3+ Ke6 38. Re3+ Kf5 39. Rf3+ Ke4 40.
Rxf7 Rxa3 41. Rxb7 a5 42. bxa5 Rxa5 0-1

[Event "FICS rated blitz game"]
[Site "FICS freechess.org"]
[Date "2018.01.15"]
[Round "?"]
[White "sasfro"]
[Black "ShaunakR"]
[Result "1-0"]
[WhiteElo "1280"]
[BlackElo "1128"]
[PlyCount "51"]
[EventDate "2018.??.??"]
[EventType "blitz"]

1. e4 e5 2. Nf3 Nc6 3. c3 Bc5 4. d4 exd4 5. cxd4 Bd6 6. Bc4 h6 7. O-O Na5 8.
Bd3 c5 9. e5 Be7 10. d5 d6 11. Re1 dxe5 12. Rxe5 Nf6 13. Bb5+ Kf8 14. Nc3 Bd6
15. Re2 Bg4 16. Re3 Bf4 17. Rd3 Bxc1 18. Rxc1 c4 19. Rd4 a6 20. Bxc4 Nxc4 21.
Rxc4 Rc8 22. Rxc8 Qxc8 23. Ne4 Qf5 24. Nxf6 Qxf6 25. d6 g5 26. d7 1-0

[Event "FICS rated blitz game"]
[Site "FICS freechess.org"]
[Date "2018.01.15"]
[Round "?"]
[White "yobiatch"]
[Black "Jumpman"]
[Result "0-1"]
[WhiteElo "1187"]
[BlackElo "1592"]
[PlyCount "62"]
[EventDate "2018.??.??"]
[EventType "blitz"]

1. e4 e5 2. Nf3 Nc6 3. c3 Bc5 4. d4 exd4 5. cxd4 Bb4+ 6. Bd2 Qe7 7. Qe2 Nf6 8.
e5 Nd5 9. a3 Bxd2+ 10. Nbxd2 O-O 11. g3 f5 12. Bg2 g5 13. Qc4 g4 14. Qxd5+ Kh8
15. O-O gxf3 16. Bxf3 d6 17. Bg2 Be6 18. Qb5 Nxd4 19. Qxb7 Rfb8 20. Qa6 Rxb2
21. Nf3 Nxf3+ 22. Bxf3 d5 23. Rac1 Rb6 24. Qa5 c6 25. Rc2 Rb5 26. Qa4 a5 27.
Rfc1 Rab8 28. Rxc6 Bd7 29. Rc7 Rb1 30. Rxb1 Rxb1+ 31. Kg2 Bxa4 {White resigns}
0-1

[Event "SC-2017-0-00342"]
[Site "Lechenicher SchachServer"]
[Date "2018.01.15"]
[Round "?"]
[White "Kapatos, Endre"]
[Black "Neumann, Ulf"]
[Result "0-1"]
[WhiteElo "1711"]
[BlackElo "1790"]
[PlyCount "58"]
[EventDate "2017.12.07"]

1. e4 e5 2. Nf3 Nc6 3. c3 Nf6 4. d4 Nxe4 5. d5 Bc5 6. dxc6 Bxf2+ 7. Ke2 Bb6 8.
Qd5 Nf2 9. Rg1 O-O 10. cxb7 Bxb7 11. Qxb7 Qf6 12. Qd5 c6 13. Qd2 e4 14. Nd4 e3
15. Qc2 Rae8 16. Nf3 Re6 17. Na3 d5 18. b3 Rd8 19. Bb2 Rde8 20. g3 Qh6 21. c4
d4 22. Bxd4 Bxd4 23. Nxd4 Rd6 24. Nf3 Qf6 25. Bg2 Ne4 26. Rgd1 Rd2+ 27. Rxd2
exd2 28. Rd1 Nxg3+ 29. Kxd2 Re2+ 0-1

[Event "FICS rated standard game"]
[Site "FICS freechess.org"]
[Date "2018.01.15"]
[Round "?"]
[White "FyFazan"]
[Black "caryoscelus"]
[Result "1-0"]
[WhiteElo "1634"]
[BlackElo "1841"]
[PlyCount "159"]
[EventDate "2018.??.??"]

1. e4 e5 2. Nf3 Nc6 3. c3 d6 4. d4 exd4 5. cxd4 a6 6. Nc3 Nf6 7. d5 Ne5 8. Nxe5
dxe5 9. Ne2 Nxe4 10. Qa4+ c6 11. Qxe4 Qxd5 12. Qxd5 cxd5 13. Ng3 g6 14. Bg5
Bb4+ 15. Bd2 Bc5 16. Bg5 h6 17. Bf6 O-O 18. O-O-O Be6 19. Bxe5 Bxf2 20. Bd3
Rac8+ 21. Kb1 f6 22. Bc3 d4 23. Be1 Bxe1 24. Rhxe1 Bd5 25. Bxg6 Bxg2 26. Rxd4
Kg7 27. Bf5 Rc5 28. Rg4+ Kh8 29. Be4 Bxe4+ 30. Rgxe4 Kg7 31. Rg1 Kf7 32. Rb4 b5
33. Ne4 Re5 34. Nd6+ Ke6 35. Ne4 Kd5 36. Nc3+ Kc5 37. Rf4 f5 38. Rg6 b4 39. Nd1
Re1 40. Kc2 Re2+ 41. Kb3 Rxh2 42. Rxa6 Kb5 43. Re6 Rh3+ 44. Re3 Rh1 45. Re5+
Kc6 46. Nf2 Rh2 47. Kxb4 Rb8+ 48. Ka3 Ra8+ 49. Kb3 Rb8+ 50. Kc2 Kd6 51. Rexf5
Rc8+ 52. Kd3 Ra8 53. a3 Rb8 54. Ne4+ Ke7 55. b4 Rh3+ 56. Kc4 Rxa3 57. Rf7+ Ke6
58. Nc5+ Kd6 59. R4f6+ Ke5 60. Rxh6 Rc8 61. Rh5+ Kd6 62. Rf6+ Ke7 63. Re6+ Kf7
64. Rhe5 Ra7 65. Rf5+ Kg7 66. Kb3 Rca8 67. Rg5+ Kf7 68. Reg6 Ra3+ 69. Kc4 Rf3
70. Rg7+ Kf6 71. Nd7+ Ke6 72. Nc5+ Kf6 73. R7g6+ Ke7 74. Re5+ Kf7 75. Rg4 Kf6
76. Re6+ Kf5 77. Rgg6 Rf4+ 78. Kb5 Rb8+ 79. Rb6 Rxb6+ 80. Rxb6 1-0

[Event "FICS rated blitz game"]
[Site "FICS freechess.org"]
[Date "2018.01.15"]
[Round "?"]
[White "yobiatch"]
[Black "monacan"]
[Result "0-1"]
[WhiteElo "1204"]
[BlackElo "1650"]
[PlyCount "56"]
[EventDate "2018.??.??"]
[EventType "blitz"]

1. e4 Nc6 2. Nf3 e5 3. c3 d6 4. Bb5 Bd7 5. O-O h6 6. d4 Nge7 7. Re1 a6 8. Ba4
b5 9. Bb3 Na5 10. Bc2 Nc4 11. b3 Nb6 12. Nbd2 Bg4 13. h3 Bh5 14. Nf1 exd4 15.
cxd4 Bg6 16. Ng3 Nc6 17. e5 d5 18. Bxg6 fxg6 19. Qc2 Ne7 20. e6 Qd6 21. Bb2
O-O-O 22. Rac1 Kb7 23. Ne5 Qxe6 24. Qxc7+ Ka8 25. Qxd8+ Nec8 26. Rc6 Qe7 27.
Qxe7 Bxe7 28. Rc7 Bd6 0-1

[Event "FICS rated lightning game"]
[Site "FICS freechess.org"]
[Date "2018.01.15"]
[Round "?"]
[White "seved"]
[Black "Pawnshop"]
[Result "1-0"]
[WhiteElo "1742"]
[BlackElo "1694"]
[PlyCount "71"]
[EventDate "2018.??.??"]

1. e4 e5 2. Nf3 Nc6 3. c3 d5 4. Qa4 dxe4 5. Nxe5 Bd7 6. Qxe4 Nxe5 7. Qxe5+ Qe7
8. d4 Qxe5+ 9. dxe5 Bc5 10. b4 Bb6 11. Nd2 c6 12. Nc4 Bc7 13. Nd6+ Bxd6 14.
exd6 Be6 15. c4 O-O-O 16. c5 Nf6 17. Bg5 Rde8 18. Bxf6 Bf5+ 19. Kd2 gxf6 20.
Bc4 Be6 21. Kc3 Bxc4 22. Kxc4 Re2 23. Rhe1 Rhe8 24. Rxe2 Rxe2 25. a4 Rxf2 26.
Re1 Rf4+ 27. Kc3 Rf2 28. Re7 Rxg2 29. Rc7+ Kd8 30. Rxb7 Rxh2 31. b5 cxb5 32.
axb5 Rh3+ 33. Kd4 Rh4+ 34. Kd5 Rh5+ 35. Kc6 f5 36. Rb8# {Black checkmated} 1-0

[Event "FICS rated blitz game"]
[Site "FICS freechess.org"]
[Date "2018.01.15"]
[Round "?"]
[White "Robeto"]
[Black "Cilon"]
[Result "0-1"]
[WhiteElo "1670"]
[BlackElo "1732"]
[PlyCount "120"]
[EventDate "2018.??.??"]
[EventType "blitz"]

1. e4 e5 2. Nf3 Nc6 3. c3 d5 4. Bb5 dxe4 5. Nxe5 Bd7 6. Nxd7 Qxd7 7. d4 exd3 8.
Qxd3 O-O-O 9. Qxd7+ Rxd7 10. Bxc6 bxc6 11. O-O Nf6 12. Be3 Kb7 13. Nd2 Bd6 14.
Nc4 Re8 15. Na5+ Kc8 16. Nxc6 Nd5 17. Nxa7+ Kb7 18. Nb5 Nxe3 19. Nxd6+ cxd6 20.
fxe3 Rxe3 21. Rf2 g6 22. a4 f5 23. Rc2 Rde7 24. Kf1 R7e5 25. b4 d5 26. c4 d4
27. c5 d3 28. Rd2 R5e4 29. Rb1 Kc6 30. Rb3 Rd4 31. Kf2 f4 32. g3 g5 33. gxf4
gxf4 34. b5+ Kxc5 35. b6 Re8 36. b7 Rb8 37. a5 Ra4 38. Rdxd3 Rxa5 39. Rdc3+ Kd6
40. Kf3 Ra7 41. Rb6+ Kd7 42. Rcb3 Kc7 43. Kxf4 Ra4+ 44. Kg5 Ra2 45. h4 Rg2+ 46.
Kh6 Rg4 47. h5 Rc4 48. R3b5 Rc1 49. Kxh7 Rg1 50. h6 Rgg8 51. Rg6 Rh8+ 52. Kg7
Rbg8+ 53. Kf7 Rf8+ 54. Ke6 Re8+ 55. Kf5 Ref8+ 56. Kg5 Rb8 57. Rbb6 Rhf8 58. Rb2
Rfe8 59. Rg7+ Kc6 60. h7 Re5+ 0-1

[Event "FICS rated blitz game"]
[Site "FICS freechess.org"]
[Date "2018.01.15"]
[Round "?"]
[White "sweetherbgreen"]
[Black "arkascha"]
[Result "0-1"]
[WhiteElo "1329"]
[BlackElo "1358"]
[PlyCount "68"]
[EventDate "2018.??.??"]
[EventType "blitz"]

1. e4 e5 2. Nf3 Nc6 3. c3 Bc5 4. d4 exd4 5. cxd4 Bb6 6. Nc3 a6 7. Bc4 h6 8. O-O
d6 9. e5 Bg4 10. exd6 cxd6 11. Re1+ Nge7 12. Be3 O-O 13. Be2 Ng6 14. d5 Nce7
15. Bxb6 Qxb6 16. Qd2 Bxf3 17. Bxf3 Ne5 18. Be4 Rac8 19. Rad1 Ng4 20. Bf3 Ne5
21. Be4 Rc4 22. Kh1 Rfc8 23. f4 Nd7 24. Bh7+ Kxh7 25. Rxe7 Nf6 26. Rxf7 Qd8 27.
Qd3+ Kg8 28. Qg6 Ne8 29. Rxb7 R4c7 30. Rxc7 Rxc7 31. Qe6+ Kh8 32. Re1 Nf6 33.
Ne4 Re7 34. Qxe7 Qxe7 {White resigns} 0-1

[Event "FICS rated blitz game"]
[Site "FICS freechess.org"]
[Date "2018.01.15"]
[Round "?"]
[White "fabiuscu"]
[Black "bkaiser"]
[Result "0-1"]
[WhiteElo "1150"]
[BlackElo "1275"]
[PlyCount "152"]
[EventDate "2018.??.??"]
[EventType "blitz"]

1. e4 e5 2. Nf3 Nc6 3. c3 Bc5 4. b4 Bb6 5. a4 a6 6. a5 Ba7 7. d3 d6 8. Be3 Nf6
9. Bxa7 Nxa7 10. c4 Be6 11. Nc3 h6 12. Nd5 Nxd5 13. cxd5 Bg4 14. h3 Bh5 15. g4
Bg6 16. h4 h5 17. g5 f6 18. Rg1 f5 19. Bg2 f4 20. Nd2 Qd7 21. f3 Qb5 22. Qb3
Bf7 23. Qc4 Qxc4 24. Nxc4 Nb5 25. Bh3 g6 26. Rg2 Nd4 27. Rf2 Nb3 28. Rb1 Nd4
29. Nd2 O-O 30. Kf1 Be8 31. Nc4 Bb5 32. Rd1 Ba4 33. Rdd2 Bb3 34. Nb2 b6 35.
Be6+ Kg7 36. Nc4 Bxc4 37. dxc4 Nxe6 38. dxe6 Rfe8 39. axb6 cxb6 40. c5 bxc5 41.
Rxd6 a5 42. Rd7+ Kf8 43. Rf7+ Kg8 44. bxc5 Rxe6 45. Rf6 Rxf6 46. gxf6 Kf7 47.
Rd2 Kxf6 48. Rd6+ Kg7 49. c6 a4 50. c7 Rc8 51. Rd7+ Kf6 52. Rd6+ Ke7 53. Rxg6
Rxc7 54. Rg7+ Kd6 55. Rg6+ Kc5 56. Ra6 Kb5 57. Re6 Rc5 58. Re8 a3 59. Rb8+ Ka4
60. Ra8+ Kb3 61. Rb8+ Ka2 62. Rh8 Kb2 63. Rxh5 a2 64. Rf5 a1=Q+ 65. Kg2 Rc2+
66. Kh3 Qh1+ 67. Kg4 Rg2+ 68. Kh5 Qg1 69. Rg5 Rxg5+ 70. hxg5 Qg3 71. g6 Qxf3+
72. Kh6 Qg3 73. g7 f3 74. Kh7 f2 75. g8=Q Qxg8+ 76. Kxg8 f1=Q {White resigns}
0-1

[Event "FICS rated blitz game"]
[Site "FICS freechess.org"]
[Date "2018.01.15"]
[Round "?"]
[White "yobiatch"]
[Black "JoaoC"]
[Result "0-1"]
[WhiteElo "1177"]
[BlackElo "1512"]
[PlyCount "58"]
[EventDate "2018.??.??"]
[EventType "blitz"]

1. e4 e5 2. Nf3 Nc6 3. c3 Nf6 4. d3 d6 5. Nbd2 Be7 6. g3 Be6 7. Bg2 Qd7 8. Ng5
h6 9. Nxe6 Qxe6 10. O-O O-O 11. f4 exf4 12. Rxf4 Ne5 13. Nf3 Ng6 14. Nd4 Qd7
15. Rf2 c6 16. Nf5 Kh7 17. Be3 Ne5 18. Qd2 Neg4 19. Rff1 Nxe3 20. Qxe3 g5 21.
g4 Nxg4 22. Qg3 Nf6 23. h4 Nh5 24. Qe3 f6 25. Bh3 Qe8 26. Kh2 Nf4 27. hxg5 fxg5
28. Nxe7 Qxe7 29. Bf5+ Rxf5 {White resigns} 0-1

[Event "FICS rated lightning game"]
[Site "FICS freechess.org"]
[Date "2018.01.15"]
[Round "?"]
[White "YellowMoon"]
[Black "Drukkarg"]
[Result "1-0"]
[WhiteElo "2059"]
[BlackElo "2146"]
[PlyCount "91"]
[EventDate "2018.??.??"]

1. e4 e5 2. Nf3 Nc6 3. c3 d5 4. Qa4 Bd7 5. exd5 Nd4 6. Qd1 Nxf3+ 7. Qxf3 Nf6 8.
c4 Bc5 9. d3 O-O 10. Be3 Bg4 11. Qg3 Bb4+ 12. Nd2 e4 13. d4 c5 14. dxc6 bxc6
15. h3 Bh5 16. a3 Qa5 17. Qg5 Qxg5 18. Bxg5 Bxd2+ 19. Bxd2 Rfd8 20. Bc3 e3 21.
fxe3 Ne4 22. g4 Ng3 23. Rg1 Nxf1 24. Kxf1 Bg6 25. Kg2 Bd3 26. Kg3 Bxc4 27. Rgf1
Re8 28. Rf4 Bd5 29. Bd2 Re4 30. Rc1 Rae8 31. Rc5 f6 32. Rxe4 Rxe4 33. b4 h5 34.
b5 h4+ 35. Kxh4 Re6 36. bxc6 Bxc6 37. e4 Bxe4 38. Rc7 Kh7 39. Rxa7 Kg6 40. Be3
Bd5 41. Bf4 Re4 42. Kg3 Rxf4 43. Kxf4 Bc6 44. Kg3 Bd5 45. h4 Bc6 46. h5+ 1-0

[Event "FICS rated blitz game"]
[Site "FICS freechess.org"]
[Date "2018.01.15"]
[Round "?"]
[White "fabiuscu"]
[Black "rantelg"]
[Result "0-1"]
[WhiteElo "1124"]
[BlackElo "1494"]
[PlyCount "88"]
[EventDate "2018.??.??"]
[EventType "blitz"]

1. e4 e5 2. Nf3 Nc6 3. c3 d6 4. b4 f5 5. d3 fxe4 6. dxe4 Nf6 7. Bd3 Bg4 8. h3
Bh5 9. g4 Bg6 10. Qe2 Be7 11. Nbd2 O-O 12. a4 Nd7 13. Bc4+ Bf7 14. Bxf7+ Rxf7
15. a5 Qf8 16. b5 Nd8 17. Ba3 Ne6 18. h4 Nf4 19. Rh2 Nxe2 20. Kxe2 Nc5 21. Bxc5
dxc5 22. c4 Bd6 23. Rf1 Rf4 24. g5 Qf7 25. Ng1 Rf8 26. Nh3 Rxh4 27. f3 Qg6 28.
Rff2 Rxh3 29. Rxh3 Qxg5 30. Nf1 Qc1 31. Rg3 Qxc4+ 32. Ke3 Qd4+ 33. Ke2 Qc4+ 34.
Ke3 Qxb5 35. Nh2 Qxa5 36. Ng4 c4 37. Rh3 Bc5+ 38. Ke2 Bxf2 39. Nxf2 c3 40. Nd1
c2 41. Ne3 c1=Q 42. Nf5 Qa2+ 43. Kd3 Rd8+ 44. Nd6 Rxd6# {White checkmated} 0-1

[Event "FICS rated blitz game"]
[Site "FICS freechess.org"]
[Date "2018.01.15"]
[Round "?"]
[White "rodeloper"]
[Black "prnaik"]
[Result "0-1"]
[WhiteElo "1290"]
[BlackElo "1347"]
[PlyCount "62"]
[EventDate "2018.??.??"]
[EventType "blitz"]

1. e4 e5 2. Nf3 Nc6 3. c3 d6 4. d4 exd4 5. cxd4 Be7 6. Nc3 Nf6 7. Be3 O-O 8. h3
Re8 9. Bd3 Nb4 10. O-O Nxd3 11. Qxd3 c6 12. Rad1 Qb6 13. Rd2 Qa5 14. Rc2 Bd7
15. Bd2 Qb6 16. b3 Be6 17. Be3 Qd8 18. Rd1 Bf8 19. e5 dxe5 20. dxe5 Nd5 21.
Nxd5 Bxd5 22. Qe2 Qe7 23. Bd4 b6 24. Nd2 Qg5 25. f4 Qxf4 26. Nf3 Bxf3 27. Qxf3
Qxf3 28. gxf3 Rad8 29. Rxc6 Bc5 30. Rd6 Bxd6 31. exd6 Rxd6 {White resigns} 0-1

[Event "FICS rated standard game"]
[Site "FICS freechess.org"]
[Date "2018.01.15"]
[Round "?"]
[White "thejaswi"]
[Black "epifend"]
[Result "0-1"]
[WhiteElo "1530"]
[BlackElo "1774"]
[PlyCount "30"]
[EventDate "2018.??.??"]

1. e4 e5 2. Nf3 Nc6 3. c3 Bc5 4. Bc4 d6 5. Qb3 Qe7 6. d3 h6 7. Be3 Bxe3 8. fxe3
Nf6 9. Nbd2 O-O 10. O-O-O Na5 11. Qc2 a6 12. Nb3 Nxc4 13. dxc4 Be6 14. c5 dxc5
15. Nxc5 Qxc5 {White resigns} 0-1

[Event "FICS rated standard game"]
[Site "FICS freechess.org"]
[Date "2018.01.15"]
[Round "?"]
[White "louarn"]
[Black "auie"]
[Result "1-0"]
[WhiteElo "1519"]
[BlackElo "1706"]
[PlyCount "41"]
[EventDate "2018.??.??"]

1. e4 e5 2. Nf3 Nc6 3. c3 Nf6 4. d3 b6 5. Be2 Bb7 6. O-O h6 7. Be3 g5 8. Nbd2
g4 9. Nh4 h5 10. g3 Be7 11. Bg5 Rg8 12. Bxf6 Bxf6 13. a4 Bxh4 14. gxh4 Qxh4 15.
Kh1 O-O-O 16. Rg1 d5 17. exd5 Rxd5 18. c4 Rdd8 19. c5 Nd4+ 20. Ne4 f5 21. Rc1
1-0

[Event "FICS rated standard game"]
[Site "FICS freechess.org"]
[Date "2018.01.15"]
[Round "?"]
[White "chippops"]
[Black "sentamil"]
[Result "0-1"]
[WhiteElo "1436"]
[BlackElo "1493"]
[PlyCount "82"]
[EventDate "2018.??.??"]

1. e4 e5 2. Nf3 Nc6 3. c3 d5 4. d4 exd4 5. Nxd4 dxe4 6. Nxc6 Qxd1+ 7. Kxd1 bxc6
8. Bc4 Be6 9. Bxe6 fxe6 10. Re1 Nf6 11. h3 Bc5 12. Re2 O-O 13. Be3 Bxe3 14.
Rxe3 Rfd8+ 15. Ke2 Rab8 16. b4 Nd5 17. Rxe4 a5 18. a3 axb4 19. axb4 g5 20. Rxe6
Nf4+ 21. Kf3 Nxe6 22. Ra6 Rb6 23. Ra7 h5 24. g4 h4 25. Ke4 c5 26. Nd2 cxb4 27.
Nc4 Rc6 28. Na5 Rb6 29. cxb4 Rxb4+ 30. Ke5 Nc5 31. Rxc7 Na6 32. Rc3 Rb5+ 33.
Ke4 Rxa5 34. f4 Ra4+ 35. Kf5 Rd5+ 36. Kg6 gxf4 37. Rc8+ Rd8 38. Rc6 Kf8 39.
Rf6+ Ke7 40. Rf7+ Ke8 41. Kg7 Rd7 {White resigns} 0-1